|
|
|
|
| LEADER |
01541nim a2200421 a 4500 |
| 001 |
001121200 |
| 003 |
CZ BrMZK |
| 005 |
20110518090339.0 |
| 007 |
sd^ |
| 008 |
101012p20101997xr cze |
| 024 |
3 |
|
|a 8590236051225
|
| 028 |
0 |
1 |
|a CRO512-2
|b Radioservis
|
| 040 |
|
|
|a BOA001
|b cze
|
| 041 |
1 |
|
|d cze
|h eng
|
| 072 |
|
7 |
|a 821.111-3
|x Anglická próza, anglicky psaná
|2 Konspekt
|9 25
|
| 080 |
|
|
|a 821.111-32
|2 MRF
|
| 080 |
|
|
|a (0:82-322.4)
|2 MRF
|
| 080 |
|
|
|a (0:82-25)7.096
|2 MRF
|
| 080 |
|
|
|a (086.76)
|2 MRF
|
| 100 |
1 |
|
|a Doyle, Arthur Conan,
|d 1859-1930
|7 jn19990001842
|4 aut
|
| 245 |
1 |
0 |
|a Slavné případy Sherlocka Holmese.
|n 6,
|p Dům u měděných buků.
|p Makléřův úředník
|h [zvukový záznam] /
|c Sir Arthur Conan Doyle
|
| 246 |
3 |
0 |
|a Dům u měděných buků
|
| 246 |
3 |
0 |
|a Makléřův úředník
|
| 260 |
|
|
|a Praha :
|b Radioservis,
|c c2010, p1997
|
| 300 |
|
|
|a 1 zvuková deska (72:44) :
|b digital
|
| 500 |
|
|
|a Kompaktní deska
|
| 500 |
|
|
|a Přeloženo z angličtiny
|
| 500 |
|
|
|a Fonogram p1997 Český rozhlas
|
| 511 |
0 |
|
|a Hrají: Viktor Preiss a další
|
| 655 |
|
7 |
|a anglické povídky
|7 fd131811
|2 czenas
|
| 655 |
|
7 |
|a detektivní povídky
|7 fd132008
|2 czenas
|
| 655 |
|
7 |
|a rozhlasové hry
|7 fd133298
|2 czenas
|
| 655 |
|
7 |
|a kompaktní desky
|7 fd201991
|2 czenas
|
| 700 |
1 |
|
|a Preiss, Viktor,
|d 1947-
|7 jn19990218086
|4 prf
|
| 910 |
|
|
|a BOA001
|b CDR-1246.497,6
|
| 990 |
|
|
|a AV
|
| 991 |
|
|
|b 201012
|e b
|
| 996 |
6 |
|
|b 2610449776
|c CDR-1246.497,6
|l MZK
|r Sklad / do 24 hodin
|n 0
|p p.v.
|w 001150650
|u 000010
|a 1
|e BOA001
|j MZK50
|s P
|